SOCIOLOGY FOR NURSES (Record no. 21964)

MARC details
000 -LEADER
fixed length control field 00332nam a22001577a 4500
003 - CONTROL NUMBER IDENTIFIER
control field SGT
020 ## - INTERNATIONAL STANDARD BOOK NUMBER
International Standard Book Number 9788131255391
082 ## - DEWEY DECIMAL CLASSIFICATION NUMBER
Classification number 301
Item number S19L
100 ## - MAIN ENTRY--PERSONAL NAME
Personal name LOHUMI, SHAMA
245 ## - TITLE STATEMENT
Title SOCIOLOGY FOR NURSES
250 ## - EDITION STATEMENT
Edition statement 2ND
260 ## - PUBLICATION, DISTRIBUTION, ETC. (IMPRINT)
Place of publication, distribution, etc INDIA
Name of publisher, distributor, etc ELSEVIER PUB
Year of Publication 2019
300 ## - PAGE DESCRIPTION
No. of Pages 390
650 ## - SUBJECT ADDED ENTRY--TOPICAL TERM
Topical term or geographic name as entry element SOCIOLOGY
942 ## - ADDED ENTRY ELEMENTS (KOHA)
Source of classification or shelving scheme Dewey Decimal Classification
Koha item type Books
942 ## - ADDED ENTRY ELEMENTS (KOHA)
-- 115
Holdings
Withdrawn status Lost status Source of classification or shelving scheme Damaged status Not for loan Collection code Home library Current library Shelving location Date acquired Vendor Name SGTU Bill Number Total Checkouts Full call number Accession No. (Barcode) Date last seen Date last borrowed Bill Date Koha item type Total Renewals
    Dewey Decimal Classification     NURSING SGT Medical Library SGT Medical Library Text Book 12/10/2021 ABC DELHI SGTU 13309 41 301 S19L FN4586 12/01/2026 25/12/2025   Books  
    Dewey Decimal Classification     NURSING SGT Medical Library SGT Medical Library Text Book 12/10/2021 ABC DELHI SGTU 13309 28 301 S19L FN4587 16/01/2026 25/12/2025   Books  
    Dewey Decimal Classification     NURSING SGT Medical Library SGT Medical Library Text Book 12/10/2021 ABC DELHI SGTU 13309 32 301 S19L FN4588 15/01/2026 24/12/2025   Books  
    Dewey Decimal Classification     NURSING SGT Medical Library SGT Medical Library Text Book 12/10/2021 ABC DELHI SGTU 13309 29 301 S19L FN4589 19/01/2026 25/12/2025   Books 1
    Dewey Decimal Classification     NURSING SGT Medical Library SGT Medical Library Text Book 12/10/2021 ABC DELHI SGTU 13309 10 301 S19L FN4590 05/06/2026 25/12/2025   Books 1